000 01014nam a2200301 i 4500
001 000010306
003 DO-SdBNP
005 20240305132925.0
007 ta
008 091006s2003 dr a r 001 p spa d
020 _a9993404314
040 _aDO-SdBNP
_bspa
_cBNPHU
_erda
082 4 _aCU861.44
_bF363s
_222
100 1 _aFernández, Pablo Armando,
_d1930-
_eautor
_923418
245 1 0 _aSalterio y lamentación /
_cPablo Armando Fernández ; prólogo Cintio Vitier.
264 1 _aSanto Domingo :
_bCocolo,
_c2003.
300 _a90 páginas :
_bilustraciones ;
_c23 cm.
336 _2rdacontent
_atexto
_btxt
337 _2rdamedia
_asin mediación
_bn
338 _2rdacarrier
_avolumen
_bnc
500 _aEdición conmemorativa del cincuentenario de la publicación de esta obra.
590 _aInventariado, 2018/BT
650 4 _aPoesía cubana
_95226
650 4 _aLiteratura cubana
_91483
700 1 _aVitier, Cintio,
_eprólogo
_97347
910 _aValidado. Control de calidad. MFF
942 _2ddc
_cLBS1
999 _c10065
_d10065